| 000 | 00619nam a2200241 a 4500 | ||
|---|---|---|---|
| 001 | nice12345678 | ||
| 003 | IN_TiNIC | ||
| 005 | 20260116011429.0 | ||
| 008 | 050524s1905 laha grp 000 0 urd | ||
| 020 |
_a _c100 |
||
| 082 | 0 | 0 |
_a239 _bMUI |
| 100 | _aMuir, W | ||
| 245 |
_aShahadat-E-Qurani Bar Kutub-E-Rabbani _b Testimony of the Qur`an. |
||
| 260 |
_aLahore _bPunjab Religious Booksociety _c1905 |
||
| 300 | _a172p | ||
| 500 | _aincludes index and biblioraphy | ||
| 505 | 2 | _aDiference Paper and Notes | |
| 650 | _aApologetics | ||
| 700 | 1 | _aMuir, W | |
| 902 | _bSRS | ||
| 942 | _cBK | ||
| 999 |
_c1467 _d1467 |
||